000 00324nam a22001337a 4500
999 _c263363
_d263362
020 _a9780679990703
020 _a9780679890706
100 _aMary Pope Osborne
245 _aEarthquake in the Early Morning.
260 _aNew York
_bRandom House
_c2001
300 _a72pgs
_bill
490 _aMagic Tree House
942 _cBK